Levels of life satisfaction and emotional adjustment of widows in Las Piñas city/ (Record no. 329829)
[ view plain ]
| 000 -LEADER | |
|---|---|
| fixed length control field | 00605nam a2200205Ia 4500 |
| 008 - FIXED-LENGTH DATA ELEMENTS--GENERAL INFORMATION | |
| fixed length control field | 170504s9999 xx 000 0 und d |
| 050 ## - LIBRARY OF CONGRESS CALL NUMBER | |
| Classification number | BF 698 |
| 050 ## - LIBRARY OF CONGRESS CALL NUMBER | |
| Item number | .So698 2015 |
| 100 ## - MAIN ENTRY--PERSONAL NAME | |
| Personal name | Sonico, Mary Jhossan D. |
| 245 ## - TITLE STATEMENT | |
| Title | Levels of life satisfaction and emotional adjustment of widows in Las Piñas city/ |
| 245 ## - TITLE STATEMENT | |
| Statement of responsibility, etc | Mary Jhossan D. Sonico. |
| 260 ## - PUBLICATION, DISTRIBUTION, ETC. (IMPRINT) | |
| Place of publication, distribution, etc | Las Piñas, Philippines : |
| 260 ## - PUBLICATION, DISTRIBUTION, ETC. (IMPRINT) | |
| Name of publisher, distributor, etc | SISC, |
| 260 ## - PUBLICATION, DISTRIBUTION, ETC. (IMPRINT) | |
| Date of publication, distribution, etc | 2015. |
| 300 ## - PHYSICAL DESCRIPTION | |
| Extent | 93 pages : |
| 300 ## - PHYSICAL DESCRIPTION | |
| Other physical details | illustrations ; |
| 300 ## - PHYSICAL DESCRIPTION | |
| Dimensions | 28 cm. |
| 500 ## - GENERAL NOTE | |
| General note | Includes bibliographical references and appendices. |
| 521 ## - TARGET AUDIENCE NOTE | |
| Target audience note | Psychology |
No items available.